Geography Quiz

Random Geography or State Quiz

Sixteen states of america Quiz Stats

 Plays Quiz not verified by Sporcle

Challenge
Share
Tweet
Embed
Score 0/16 Timer 05:00
0 Plays Today
Proposed State % Correct
Pacifica
65.6%
Mid-atlantic
46.9%
Carolina
43.8%
Rocky
40.6%
New South
34.4%
North Heartland
31.3%
South Heartland
31.3%
Empire
31.3%
Proposed State % Correct
Angelina
28.1%
North Plains
28.1%
Central Plains
28.1%
South Plains
28.1%
Industry
28.1%
Tropicana
28.1%
Gulf Coast
25%
Yankee
18.8%

You're not logged in!

Compare scores with friends on all Sporcle quizzes.
Join for Free
OR
Log In

You Might Also Like...

Show Comments

Extras

Top Quizzes Today


Score Distribution

Your Account Isn't Verified!

In order to create a playlist on Sporcle, you need to verify the email address you used during registration. Go to your Sporcle Settings to finish the process.

Report this User

Report this user for behavior that violates our Community Guidelines.

Details: